| 000 | 00000nam##2200000za#4500 |
| 001 | 9.640701 |
| 003 | CaOODSP |
| 005 | 20210624222813 |
| 007 | cr ||||||||||| |
| 008 | 150407|1997||||xxc|||||o f|0| 0 fre|d |
| 040 | |aCaOODSP|bfre |
| 043 | |an-cn--- |
| 086 | 1 |aH68-43/1997F-PDF |
| 110 | 1 |aCanada.|bConseil national du bien-être social. |
| 245 | 13|aUn autre regard sur la réforme du bien-être social |h[ressource électronique] |
| 260 | |aOttawa - Ontario : |bConseil national du bien-être social |cAutomne 1997. |
| 300 | |a148p. : |bgraphiques, références, tableaux ; |c28 cm. |
| 500 | |aLe n° de catalogue (H68-43/1997F) et l'ISBN (0-662-82405-9) de l'édition imprimée ont été incorrectement copiés dans la publication électronique. |
| 590 | |a12-36-Supp|b2012-08-22 |
| 691 | 07|aRéforme|2gcpds |
| 691 | 07|aBien-être social|2gcpds |
| 775 | 08|tAnother look at welfare reform |w(CaOODSP)9.696591 |
| 776 | 0#|tUn autre regard sur la réforme du bien-être social : |w(CaOODSP)9.680257 |
| 856 | 40|ahttp://publications.gc.ca|qPDF|s7.97 Mo|uhttps://publications.gc.ca/collections/collection_2012/cnb-ncw/H68-43-1997-fra.pdf |